Principles pf marine engineering, Vol - II (Record no. 1741)

000 -LEADER
fixed length control field 00428nam a22001577a 4500
008 - FIXED-LENGTH DATA ELEMENTS--GENERAL INFORMATION
fixed length control field 200131b ||||| |||| 00| 0 eng d
082 00 - DEWEY DECIMAL CLASSIFICATION NUMBER
Classification number 623.8
Item number S514
100 ## - MAIN ENTRY--PERSONAL NAME
9 (RLIN) 275
Personal name Seward, Herbert Lee.
245 10 - TITLE STATEMENT
Title Principles pf marine engineering, Vol - II
250 ## - EDITION STATEMENT
Edition statement New York
260 ## - PUBLICATION, DISTRIBUTION, ETC. (IMPRINT)
Place of publication, distribution, etc New York
Name of publisher, distributor, etc SNAME
Date of publication, distribution, etc 1944
300 ## - PHYSICAL DESCRIPTION
Extent ix,642p.
365 ## - TRADE PRICE
Unit of pricing 22.08
650 #0 - SUBJECT ADDED ENTRY--TOPICAL TERM
Topical term or geographic name as entry element Marine Engineering
942 ## - ADDED ENTRY ELEMENTS (KOHA)
Item type Books
Holdings
Withdrawn status Lost status Source of classification or shelving scheme Damaged status Not for loan Permanent location Current location Date acquired Source of acquisition Full call number Barcode Date last seen Koha item type
          IMU Kolkata IMU Kolkata 1953-02-25 A. H. Wheeler 623.8 S514 01477 2020-01-31 Books
Designed and Maintained by IMU-KC Library, Kolkata Campus © Copyright All Rights Reserved

webs counters

Powered by Koha